Państwa według jednego słowa - Statystyki

Ogólne statystyki
  • Ten quiz został rozwiązany 5 281 razy
  • Średni wynik to 9 z 22
Statystyki odpowiedzi
Słowo Państwo % Poprawnych
sfinks Egipt
99%
Juventus Włochy
75%
lemur Madagaskar
69%
fiord Norwegia
68%
Magyar Węgry
60%
Czyngis Mongolia
57%
Castro Kuba
56%
Prowansja Francja
54%
kantony Szwajcaria
45%
Galapagos Ekwador
40%
Maorysi Nowa Zelandia
40%
Zulus Republika Południowej Afryki
29%
poutine Kanada
27%
Krakatau Indonezja
26%
drachma Grecja
24%
Rodezja Zimbabwe
23%
Selassie Etiopia
21%
kibuc Izrael
19%
łza Sri Lanka
17%
Evita Argentyna
16%
Qantas Australia
14%
Pinoy Filipiny
7%
Nie znaleziono quizów pasujących do podanych kryteriów
Rozkład punktacji
Procent ludzi z każdym wynikiem
Percentyl według liczby udzielonych odpowiedzi
Twoja historia wyników
Nie rozwiązałeś tego quizu